| Tag |
First Indicator |
Second Indicator |
Subfields |
| LEADER |
00000cam a2200000 4500 |
| 001 |
in00000065927 |
| 005 |
20151008051230.0 |
| 008 |
720608s1954 nyuab b 00000 eng |
| 010 |
|
|
|a 54007606
|
| 035 |
|
|
|a (OCoLC)00327334
|
| 035 |
|
|
|9 AAG6628AM
|
| 040 |
|
|
|a DLC
|c YNG
|d OCL
|d TXA
|d UtOrBLW
|
| 049 |
|
|
|a TXAM
|c [235093]
|
| 050 |
|
0 |
|a HG3811
|b .M5
|
| 092 |
|
|
|a 332.45
|b M636f
|
| 100 |
1 |
|
|a Mikesell, Raymond F.,
|d 1913-2006.
|
| 245 |
1 |
0 |
|a Foreign exchange in the postwar world.
|
| 264 |
|
1 |
|a New York :
|b Twentieth Century Fund,
|c 1954.
|
| 300 |
|
|
|a xv, 658 pages :
|b color map (on lining papers) diagrams ;
|c 24 cm.
|
| 336 |
|
|
|a text
|b txt
|2 rdacontent
|
| 337 |
|
|
|a unmediated
|b n
|2 rdamedia
|
| 338 |
|
|
|a volume
|b nc
|2 rdacarrier
|
| 504 |
|
|
|a Bibliographical footnotes.
|
| 650 |
|
0 |
|a Foreign exchange.
|
| 999 |
|
|
|a MARS
|
| 999 |
f |
f |
|s 0ba7a664-4f4d-38f5-8410-0b61ecd8a733
|i 19ed8454-d525-3369-aa38-88d0b331419a
|t 0
|
| 952 |
f |
f |
|p ric
|a Texas A&M University
|b Rellis Campus
|c Joint Library Facility
|d Remote Storage
|t 0
|e HG3811 .M5
|h Library of Congress classification
|i unmediated -- volume
|m A14800734363
|
| 998 |
f |
f |
|a HG3811 .M5
|t 0
|l Remote Storage
|